00520nam a22001457a 4500020001800000040000900018082002000027100002600047245006200073260002800135650007000163942001200233999001900245952011000264 a9780803120396 cNust a620.189322bLIF aW. S. Johnson9127698 aife Prediction Methodology for Titanium Matrix Composites aUSA:bAstm Intl,c1996. aife Prediction Methodology for Titanium Matrix Composites9127699 2ddccBK c612749d612749 00102ddc4070aCEMEbCEMEcGENd2025-01-22l0o620.189322 LIFpCEME- 37422r2025-01-22w2025-01-22yBK